Taylor Swift - Eyes Open (Lyrics) - Statistics

General Stats
  • This quiz has been taken 128 times
  • The average score is 175 of 230
Answer Stats
Answer % Correct
eyes
99%
you
99%
you,
99%
You
99%
your
99%
Keep
97%
keep
97%
open
97%
a
89%
Every
89%
The
89%
the
89%
when
87%
you're
87%
everybody
86%
waiting
84%
Everybody's
83%
sleeping
83%
sleeping,
83%
to
83%
for
81%
just
81%
watching
81%
Even
80%
we
79%
down
77%
see
77%
Where
77%
break
76%
were
73%
fallout
71%
So
71%
But
70%
it
70%
and
69%
And
69%
children
69%
thing
69%
is
67%
got
66%
now
66%
yesterday
66%
In
64%
around
63%
don't
63%
turn
63%
are,
61%
it's
61%
on
61%
Playing
61%
pretending
61%
They
61%
they
61%
with
61%
showdown
60%
backyards,
59%
Dreaming
57%
here
57%
dreams
56%
endings
56%
happy
56%
steady
56%
swords
54%
battles
53%
gotta
53%
soldiers,
53%
something
53%
wooden
53%
our
51%
this
50%
world
50%
save
47%
heartbeat
46%
night
46%
score
46%
tricky
46%
feet
44%
keeps
44%
never
44%
new
44%
ready,
44%
winning
44%
cruel
43%
into
43%
nobody
43%
you'd
43%
guard
41%
comes
40%
stepped
40%
steps
40%
thought
40%
two
40%
ahead
39%
lesson
39%
scar
39%
staying
39%
dark
37%
far
37%
make
37%
forms
34%
stands
34%
surrounded
34%
we've
34%
locked,
33%
aim
31%
goes
31%
they've
31%
No matching quizzes found
Score Distribution
Percent of People with Each Score
Percentile by Number Answered
Your Score History
You have not taken this quiz